00780pam a2200217 a 4500020001100000040002500011041001300036082001500049100002200064245010200086260003700188300001300225365001100238653003400249700002200283907001500305930000900320999001500329952010900344952010900453 c700.00 aMedical College Lib. aENGhENG a617.7bPOD aPodos, Steven M.. aText Book of Ophthalmology Vol - 5 Strabismus And Pediatric Ophthalmology / chTextual Documents aLondon : bMosby-Wolfe , c1993. a415 ; c a700.00 aOphthamologyaMedical Science aDiamond, Gary R.. a8515  a5724 c5723d5723 00104070aMCPbMCPd1900-01-01g700.00l0o617.7 PODpMCP-8515r2023-02-06 00:00:00t2w2023-02-06yBK 00104070aMCPbMCPd1900-01-01g700.00l0o617.7 PODpMCP-8514r2023-02-06 00:00:00t1w2023-02-06yBK